000 00903nam a22002297a 4500
005 20240530110450.0
008 150504s2010 ua ad g b 000 0 ara d
017 _a2009/16837
_bمصر . دار الكتب المصرية
020 _a9789773191121
040 _aEG-CaGPL
082 0 4 _221
_a004.01\
_bم ح
100 0 _aمحمد صادق اسماعيل
245 1 2 _aالحكومة الالكترونية و تطبيقاتها فى الدول العربية /
_cمحمد صادق اسماعيل
250 _aط1
260 _aالقاهرة :
_bالعربى للنشر و التوزيع ،
_c2012 .
300 _a263 ص :
_bايض ؛
_c24 سم .
504 _aيشتمل على ارجاعات ببليوجرافية
650 0 4 _aالحاسبات الالكترونية
650 0 4 _aالحكومة الالكترونية
942 _2ddc
_cBK
999 _c61224
_d61224